[Event "Douglas IoM op"]
[Site "Douglas"]
[Date "2018.10.20"]
[Round "1"]
[White "Munguntuul, Batkhuyag"]
[Black "Wojtaszek, Radoslaw"]
[Result "1/2-1/2"]
[WhiteElo "2422"]
[BlackElo "2727"]
[Annotator "Gutman,L"]
[PlyCount "111"]
[EventDate "2018.10.20"]
[EventType "swiss"]
[EventRounds "9"]
[EventCountry "IOM"]
[SourceTitle "EXT 2020"]
[Source "ChessBase"]
[SourceDate "2019.10.17"]
[SourceVersion "1"]
[SourceVersionDate "2019.10.17"]
[SourceQuality "1"]
[WhiteClock "0:19:40"]
[BlackClock "0:28:12"]

1. e4 c5 2. Nf3 d6 3. d4 cxd4 4. Nxd4 Nf6 5. Nc3 a6 6. Be2 e5 7. Nf3 Be7 8. Bg5
Nbd7 9. a4 Qb6 ({Solider erscheint} 9... h6 $5 10. Be3 (10. Bxf6 Nxf6 11. Nd2
Be6 12. Nc4 Rc8 $15 {Jonsson-Koksh, Runde 5}) 10... Ng4 11. Bc1 O-O 12. Nd2
Ngf6 $11 {Kanmazalp-Ivanshuk, EU ch Batumi 2018}) 10. O-O (10. a5 Qxb2 11. Bd2
Qb4 12. Nd5 Qc5 13. Bb4 Qc6 14. Nxe7 Kxe7 15. Nxe5 Nxe5 16. Qd4 Ke8 17. Bxd6
Ng6 18. f3 Be6 19. c4 Rd8 20. c5 Nd7 21. Rd1 f6 22. O-O $11 {Vachier Lagrave -
Xiong, Blitz 2017}) 10... h6 $6 ({Dieser Zeitverlust ist schwer zu begründen,
besser gefällt} 10... Qxb2 $5 11. Qd2 Qb6 $15) 11. Be3 Qxb2 12. Nd5 Nxd5 13.
Qxd5 Nf6 14. Qd3 Qb4 15. Nd2 Qa5 16. Nc4 Qc7 17. Nb6 Rb8 18. a5 O-O 19. Rfb1
Qc6 ({Kaum besser wäre} 19... Bd7 20. c4 Bc6 {wegen} 21. Nd5 Nxd5 22. exd5 $5 (
22. cxd5 Bb5 23. Qd2 Bxe2 24. Qxe2 Bg5 25. Rb6 Bxe3 26. Qxe3 f5 $11) 22... Bd7
23. Rb4 Bd8 24. Qb3 $14) 20. Bf3 (20. c4 $11) 20... Be6 21. Rb2 (21. Nd5 Bxd5
22. exd5 $11) 21... Nd7 22. Nxd7 Bxd7 23. Rab1 Qc8 $2 ({Die Abwartestrategie
bringt Schwarz in Schwierigkeiten. Notwendig war} 23... Bd8 $5 24. Ba7 (24. Qd2
f5) 24... Bxa5 25. Bxb8 Rxb8 {mit genügend Spiel für die Qualität, etwa} 26.
Qd5 b6 27. Be2 Qc7 28. Bxa6 Bc3 29. Rb3 Be6 30. Rxc3 Qxc3 31. Qxd6 Ra8 32. Qd3
Qc5 $11) 24. Ba7 Ra8 25. Rxb7 Bb5 $2 ({Das kleinere Übel wäre} 25... Re8 26.
Be2 $5 (26. c4 Bc6 27. Rb8 Rxb8 28. Rxb8 Qc7 29. Rxe8+ Bxe8 30. Bb6 Qc6 $11)
26... Ba4 27. c3 Bc6 28. Rb8 $14) 26. R1xb5 axb5 27. Qxb5 Bd8 28. a6 Qxc2 29.
g3 Bg5 30. Bb6 ({Auch} 30. Bb8 {ist gut,} d5 31. exd5 e4 32. Be2 e3 33. f4 Bf6
34. d6 $16) 30... d5 31. a7 $2 ({Nichts sprach gegen} 31. exd5 e4 32. Be2 e3
33. Qd3 Qc1+ 34. Kg2 $18) 31... dxe4 32. Be2 e3 33. h4 exf2+ $2 {Radoslaw
Wojtaszek, der Gewinner des Opens, erwischte einen schlechten Tag.} ({Zum
Remis führte} 33... Qc1+ 34. Bf1 (34. Kg2 exf2 35. Bxf2 Be3 36. Qc4 Qd2 37.
Qd3 Qxd3 38. Bxd3 Rxa7 39. Rxa7 Bxa7 40. Bxa7 Ra8) 34... exf2+ 35. Kxf2 Bd2 36.
Qxe5 Rfe8 37. Re7 Rxe7 38. Qxe7 Qb2 39. Qb7 Ba5+ 40. Kf3 Bxb6 41. Qxa8+ Kh7 42.
Bd3+ g6 43. Bxg6+ Kg7 44. Qb7 Qf2+ 45. Kg4 Bxa7 $11) 34. Kxf2 Bd2 ({
Vorzuziehen war} 34... Bf6 35. Bc5 Rfd8 36. Rb8 $16) 35. Bc5 Bc3 36. Rb8 Qf5+
37. Kg1 $2 ({Sofort gewann} 37. Kg2 Qe4+ 38. Bf3 Qc2+ 39. Kh1 Qc1+ 40. Kh2 $18)
37... Rc8 $2 ({Schwarz verpasst wieder die rettende Taktik:} 37... Qh3 38. g4
Bd4+ ({oder} 38... Qg3+ 39. Kf1 Raxb8 40. axb8=Q Qh3+ 41. Kf2 Qh2+ 42. Kf1 Qh3+
$11) 39. Bxd4 Qg3+ 40. Kf1 exd4 41. Rxa8 Rxa8 42. Qb7 Qh3+ $11 {mit
Dauerschach.}) 38. Qb7 Raxb8 39. axb8=Q Rxb8 40. Qxb8+ Kh7 41. Qb3 Qe4 42. Qd1
$2 ({Gewonnen hätte} 42. Bc4 Bd4+ 43. Kh2 $18) 42... g6 43. Kh2 Bd4 44. Bf8 ({
Einfacher war} 44. Bxd4 exd4 (44... Qxd4 45. Qxd4 exd4 46. g4) 45. h5 Kg7 46.
Bf3 Qe3 47. Kg2 $16) 44... Qa8 45. Bb4 Qe4 46. Qf1 Kg7 47. Be7 f5 48. Bd6 f4 (
48... g5 49. Qg2 $16) 49. g4 $2 (49. Qf3 Qxf3 50. Bxf3 $16 {sollte immer noch
zum Gewinn reichen.}) 49... Qd5 50. Bb4 Qb3 51. Be1 Qe3 52. Qf3 Qg1+ 53. Kh3
Qxe1 54. Qb7+ Kh8 55. Qc8+ Kh7 56. Qd7+ 1/2-1/2

[Event "GER-ch 75th"]
[Site "Hoeckendorf"]
[Date "2004.01.31"]
[Round "2"]
[White "Thinius, Marco"]
[Black "Naiditsch, Arkadij"]
[Result "1-0"]
[WhiteElo "2387"]
[BlackElo "2576"]
[Annotator "Gutman,L"]
[PlyCount "91"]
[EventDate "2004.01.30"]
[EventType "swiss"]
[EventRounds "9"]
[EventCountry "GER"]
[SourceTitle "CBM 100"]
[Source "ChessBase"]
[SourceDate "2004.06.01"]
[SourceVersion "1"]
[SourceVersionDate "2004.06.01"]
[SourceQuality "1"]

1. e4 c5 2. Nf3 d6 3. d4 cxd4 4. Nxd4 Nf6 5. Nc3 a6 6. Be2 e5 7. Nb3 Be7 8. Bg5
Be6 9. Bxf6 Bxf6 10. Qd3 Bg5 (10... Qc7 $1 11. Rd1 (11. O-O-O Be7) 11... Be7
12. Nd5 Bxd5 13. Qxd5 Nd7 14. O-O O-O) 11. Rd1 (11. O-O $5 Nc6 12. Nd5 O-O 13.
Rfd1 f5 14. Bf3 g6 15. c3 Kh8 16. Ne3 Bxe3 17. Qxe3 {Thipsay- Palit, Mumbay
2004}) 11... Nc6 12. Qxd6 Qxd6 13. Rxd6 Ke7 14. Rd1 Nb4 15. Bd3 Rac8 16. O-O
Rhd8 (16... h5 $5 17. g3 h4 18. Rfe1 Rhd8) 17. g3 Bh3 18. Rfe1 Bg4 19. Be2 Be6
20. h4 Bh6 21. Rxd8 Rxd8 22. Rd1 Nxc2 23. Rxd8 Kxd8 24. Nc5 Bc8 25. Bc4 f6 26.
Bg8 b6 27. N5a4 b5 28. Nc5 Ke7 29. Nd3 Kd6 30. Bxh7 Be6 31. b3 Nd4 32. f4 a5
33. Kf2 Bg4 $2 (33... Bf7 34. Ne2 Nxe2 35. Kxe2 a4 $11) 34. Bg8 b4 35. Na4 Ne2
36. fxe5+ fxe5 37. Nb6 $18 Nc3 38. Nc4+ Kc7 39. Bd5 Bd1 40. Ndxe5 Bc2 41. Nxa5
Nxa2 42. Nec6 Kb6 43. Nd4 Bd1 44. Nc4+ Kc5 45. Ne6+ Kb5 46. Ne3 1-0

[Event "St Petersburg-ch"]
[Site "St Petersburg"]
[Date "1996.??.??"]
[Round "12"]
[White "Svidler, Peter"]
[Black "Loginov, Valery A"]
[Result "1-0"]
[WhiteElo "2650"]
[BlackElo "2525"]
[Annotator "Gutman,L"]
[PlyCount "115"]
[EventDate "1996.04.??"]
[EventType "tourn"]
[EventRounds "13"]
[EventCountry "RUS"]
[EventCategory "11"]
[SourceTitle "CBM 056"]
[Source "ChessBase"]
[SourceDate "1997.02.01"]
[SourceVersion "1"]
[SourceVersionDate "1997.02.01"]
[SourceQuality "1"]

1. e4 c5 2. Nf3 d6 3. d4 cxd4 4. Nxd4 Nf6 5. Nc3 a6 6. Be2 e5 7. Nb3 Be7 8. O-O
O-O 9. Kh1 {Die von G. Kasparow bevorzugte Fortsetzung.} b5 {"Wenn Weiß noch
nicht f2-f4 gespielt hat, schwächt dieser Zug lediglich den Damenflügel.",C.
Lutz.} 10. a4 Bb7 11. Nd5 Nbd7 (11... bxa4 12. Rxa4 Bc6 13. Ra3 Nxe4 14. Na5
Nf6 15. Nxc6 Nxc6 16. Bc4 {Kasparow -Anand , Las Palmas 1996, mit weißer
Initiative.}) 12. Nxe7+ Qxe7 13. f3 b4 (13... bxa4 14. Na5 Nc5 15. Nxb7 Nxb7
16. Rxa4 {Khalifman-Loginow,St.Petersburg 1995. Schwarz steht vor großen
Problemen.}) 14. Na5 Rfb8 15. Be3 d5 16. Nxb7 Rxb7 17. exd5 Qd6 18. Bc4 Nb6 19.
Bxb6 Rxb6 20. Qd3 Nd7 {Diese Stellung hatte Loginow anvisiert. Verspricht der
"gute" N gegen den "schlechten" B und die schwarzfeldrige Blockade tatsächlich
ausreichende Kompensation für den Bauern?} 21. b3 Nc5 22. Qe3 Re8 23. f4 (23.
Rae1 $142 Rb7 24. Re2 Rbe7 25. Rfe1 {mit besseren Aussichten für Weiß.}) 23...
f5 {Sinwoller war 23. ...e4!?.} 24. Rae1 e4 25. Qh3 Rf8 26. g4 fxg4 27. Qxg4
Rb7 28. Qg5 Rf6 29. Qe5 {Mit Vorteil für Weiß.} Kf8 30. Rg1 h6 31. Rg4 Re7 32.
Qxd6 Rxd6 33. Kg2 Rf7 34. Kf2 h5 35. Rg2 Rxf4+ 36. Ke3 Rf5 37. Reg1 Rf7 38. Rg6
Rdf6 39. d6 Rxg6 40. Rxg6 Rf5 41. Kd4 a5 42. Bd5 Nd7 43. Bxe4 Rf4 44. Ke3 Rh4
45. Bf5 Kf7 46. Rg2 Nc5 47. h3 Kf6 48. Rf2 g6 49. d7 Ke7 50. Rd2 Kd8 51. Bxg6
Rxh3+ 52. Kf4 Ne6+ 53. Ke5 Ke7 54. Re2 Ng7 {54. ...Rg3!?.} 55. d8=Q+ Kxd8 56.
Kf6 Rg3 57. Kxg7 h4 58. Kf6 1-0

[Event "Linares Anibal op 04th"]
[Site "Linares"]
[Date "1997.??.??"]
[Round "5"]
[White "Marciano, David"]
[Black "Lalic, Bogdan"]
[Result "0-1"]
[WhiteElo "2485"]
[BlackElo "2585"]
[Annotator "Gutman,L"]
[PlyCount "102"]
[EventDate "1997.02.??"]
[EventType "swiss"]
[EventRounds "10"]
[EventCountry "ESP"]
[SourceTitle "CBM 058"]
[Source "ChessBase"]
[SourceDate "1997.06.01"]
[SourceVersion "1"]
[SourceVersionDate "1997.06.01"]
[SourceQuality "1"]

1. e4 {Petursson} c5 2. Nf3 d6 3. d4 cxd4 4. Nxd4 Nf6 5. Nc3 a6 6. Be2 e5 7.
Nb3 Be7 8. O-O O-O 9. Kh1 Qc7 {Laut A. Shirow ist dies die stärkste
Fortsetzung. Schwarz ist darauf vorbereitet, das agressive 10.f4 mit 10. ...b5
zu beantworten.} 10. a4 Be6 11. f4 Nbd7 12. a5 Bc4 (12... Rfc8 {kommt öfter
vor.}) 13. f5 (13. Be3 Rfc8 14. Ra4 {könnte von eigenständiger Bedeutung sein.
In der Partie Liberson-Quinteros,Lone Pine 1975, folgte} {14. ...} Bxe2 15.
Qxe2 Qc6 16. Rd1 (16. f5 Bd8 17. Qd3 {ergibt aber wieder bekannte
Stellungsbilder,Galkin-Dvoirys,Elista 1996.}) 16... Bd8 17. f5 b5 18. axb6 Bxb6
19. Bg5 a5 20. h3 Bd8 21. Bxf6 Nxf6 22. Qd3 Rab8 23. Qxd6 Qxd6 24. Rxd6 Rb4 25.
Ra6 Rxa4 26. Nxa4 Nxe4 27. Nxa5 Ng3+ {mit besseren Aussichten für Schwarz.})
13... b5 {Die Alternativen sind 13. ...Bb5, wie E. Meking spielte, 13. ...Rac8
oder 13. ...Rfc8 (von G. Kasparow bevorzugt).} 14. axb6 Nxb6 {"Auf Kosten
gewisser Schwächen im eigenen Lager (des Feldes d5 und des rückständigen Pd6)
beginnt Schwarz den Kampf um das Zentrum und strebt lebhaftes Figurenspiel an"
(Lew Polugajewski).} 15. Bg5 {Das schon von R. Fischers Partien bekannte 15.
Be3 kommt meistens durch Zugumstellung vor und gilt als wenig vielversprechend;
auch} (15. Bxc4 Nxc4 16. Qe2 Rfc8 17. g4 h6 $1 {bringt Weiß nichts ein.} ({
aber nicht} 17... d5 $6 18. g5 d4 19. gxf6 dxc3 20. fxe7 cxb2 21. Bxb2 Nxb2 22.
f6 {,Ostermeyr-Middendorf,B/L 1979})) 15... Rfc8 {Schwarz hat versucht, andere
Wege zu gehen:} ({A)} 15... Rfd8 16. Bxc4 Qxc4 17. Na5 Qc7 18. Bxf6 Bxf6 19.
Qd3 Rdc8 (19... Rd7 20. Ra2 Bd8 21. Nd5 Qc8 22. Ne3 Bg5 23. Nec4 Nxc4 24. Nxc4
Qc6 25. Rd1 Rdd8 26. Ra5 h6 27. b3 {mit Weißen Vorteil,Jansa -Lazic,Kragujevac
1984}) 20. Rfd1 Be7 21. Ra2 ({sinwolle Profilaktik,nicht uberzeugte} 21. Rd2 $6
Qc5 22. Nd5 Nxd5 23. exd5 Bg5 24. Re2 Rab8 25. c4 Rb4 26. Rc2 Qb6 27. Qe2 Rc5
28. Nc6 Rb3 {Klowan-Circenis,Riga 1974}) 21... h6 22. g3 Kf8 23. Kg2 Kg8 24. h4
{mit weißem Vorteil,Vogt-Ghitescu,Polanica Zdroj 1977;}) ({B)} 15... d5 16.
Bxc4 $1 (16. Bxf6 Bxf6 17. exd5 Rfd8 18. Bxc4 Nxc4 19. Ne4 Ne3 20. Qd3 Nxf1 21.
Rxf1 Rac8 {Fernpartie Mielcorek-Wagner,1983,verspricht Weiß kaum ausreichende
Kompensation für die Qualität}) 16... dxc4 17. Nd2 Rfd8 18. Qe2 {mit besseren
Aussichten für Weiß.}) ({C)} 15... Bxe2 16. Qxe2 Qc4 17. Qd1 Qb4 18. Rf3 $5 (
18. Bxf6 Bxf6 19. Nd5 Nxd5 20. Qxd5 Rfc8 21. c3 Qb5 22. Qxb5 axb5 23. Rxa8 Rxa8
24. Ra1 Rxa1+ 25. Nxa1 Bg5 {,eine Analyse von Kaplan,stellt keine Probleme für
Schwarz}) 18... Rfc8 19. Nc1 a5 20. Nd3 Qc4 21. Nf2 Qd4 22. Qe2 Qc4 23. Rd3 {
Ich bevorzuge die weiße Stellung.}) 16. Na5 {Meiner Meinung nach besteht die
kritische Alternative in} (16. Bxc4 Nxc4 17. Bxf6 Bxf6 18. Nd5 Qd8 19. Ra2 {
und nun:} a5 (19... Bg5 20. f6 $1 Bxf6 21. Nd2 $1 ({nach} 21. Qh5 {Jansa gibt}
{21. ...} Bg5 22. Qxf7+ Kh8 {mit unklaren Stellung an}) 21... Nb6 $5 22. Nxf6+
gxf6 23. Ra3 {mit Weißer Initiative;}) 20. Qd3 $5 (20. Nd2 Nb6 21. b3 a4 22.
Nxb6 Qxb6 23. Nc4 Qc6 24. Qd3 axb3 25. Rxa8 Rxa8 26. cxb3 h6 $1 27. Rd1 Be7 28.
h3 Ra2 29. Qb1 Re2 30. Re1 Rxe1+ 31. Qxe1 f6 {mit Remis folgte inder Partie
Jansa-Szekely,Tallin 1984; laut J. Nunn die Schlusstellung ist günstiger für
Schwarz.}) 20... Rab8 (20... Bg5 {,Tarjan-Bukic,Maribor 1978,wird wieder mit}
21. f6 $1 Bxf6 22. Nd2 Nb6 23. Nxf6+ gxf6 24. c4 $1 a4 25. Ra3 Rab8 26. Qe2 {
beantwortet,Weiß hat gute Angriffschancen.}) 21. Rb1 Bg5 22. Ra4 Rxb3 (22...
Nb6 23. Rxa5 Nxd5 24. Rxd5 Qc7 25. Na1 Qa7 26. b3 Ra8 27. h3 h5 28. Qe2 {
und Schwarz hat nicht ausreichende Kompensation für den Bauern,
Klowan-Zilberstein,Riga 1974}) 23. Qxb3 Nd2 24. Qa2 Nxb1 25. Qxb1 g6 {
Klowan-Commons, Primorsko 1976} 26. c4 $5 Rb8 27. Ra3 {mit besseren Spiel für
Weiß.}) 16... Bxe2 17. Qxe2 Nbd7 $5 (17... Qc5 {ist wenig sinnvoll wegen} 18.
Ra2 $5 (18. Rfd1 $5 h6 19. Bxf6 Bxf6 20. Ra2 Bg5 21. Nb3 Qc4 22. Qf2 Qb4 23.
Rda1 d5 24. exd5 e4 25. Rxa6 Rxa6 26. Rxa6 e3 {Landa-Kaminski,Katowice 1992,}
27. Qf3 $5 {mit Weißen Vorteil}) 18... h6 19. Be3 Qb4 20. Bxb6 Qxb6 21. Nd5 {
mit weißem Druckspiel.}) 18. Ra2 (18. Ra4 {verspricht Schwarz ausreichendes
Gegenspiel nach} Rab8 19. Nb3 a5 $1 20. Rfa1 d5 $1 21. exd5 Bb4) 18... h6 19.
Bh4 Bd8 20. Rd1 Rab8 21. Bxf6 $2 (21. Nb3 Qc4 $5 (21... a5 22. Nxa5 Rxb2 23.
Rxb2 Qxc3 24. Ra2 Bxa5 25. Be1 Qc6 26. Bxa5 Nxe4 27. Be1 Ndf6 {mit etwa
gleichen Chancen}) 22. Qxc4 Rxc4 23. Bxf6 Nxf6 24. Rxa6 Nxe4 25. Nxe4 Rxe4 26.
Raxd6 Bg5 {"und Schwarz ist bereit, die Initiative zu übernehmen" (B.Lalic).})
21... Nxf6 22. Nb3 a5 23. Nxa5 Rxb2 $1 24. Nb5 (24. Rxb2 {Petursson} Qxc3 25.
Nc4 Rxc4 26. Rb8 Rc8 27. Rxc8 Qxc8 28. Rxd6 Qa8 $1 $19) 24... Rxb5 25. Qxb5
Nxe4 {mit schwarzem Vorteil.} 26. Rb1 $5 Kh7 {To avoid Qe8+} 27. f6 $5 {
The best chance} (27. Qa6 {Petursson} Qc5 28. c4 Nc3 29. Nb7 Qd4 $19) 27... g6
$2 (27... Nc3 $1 28. Qd3+ e4 29. Qg3 Bxf6 30. Rb7 Qc5 31. Ra1 Ne2 {"und
Schwarz gewinnt" (B. Lalic).}) 28. Qa6 Nf2+ (28... Qc5 $5 29. h3 Bxf6 (29...
Nc3 {Petursson} 30. Nb7 $1 $13)) 29. Kg1 Qc5 30. c4 $5 Ng4+ 31. Kh1 Bxa5 32.
Qxa5 Qxc4 33. h3 Nxf6 {Black has too many pawn for the exchange and is easily
winning.} 34. Ra4 Qe6 35. Rb7 Kg7 {Trotz einiger Ungenauigkeiten bleibt der
schwarze Vorteil entscheidend.} 36. Qd2 d5 37. Raa7 Rf8 38. Qb4 Ne4 39. Re7 Qf6
40. Qb2 d4 41. Kg1 Ng3 42. Qb5 e4 43. Kh2 Nf5 44. Red7 Ne3 45. Qe2 h5 46. Ra4
Qf4+ 47. g3 Nf1+ 48. Kg1 Nxg3 49. Qc4 Qe3+ 50. Kg2 Qf3+ 51. Kg1 Ne2+ 0-1

[Event "DEN-ch"]
[Site "Esbjerg"]
[Date "1997.03.26"]
[Round "5"]
[White "Hansen, Sune Berg"]
[Black "Schandorff, Lars"]
[Result "1-0"]
[WhiteElo "2505"]
[BlackElo "2510"]
[Annotator "Gutman,L"]
[PlyCount "81"]
[EventDate "1997.03.22"]
[EventType "tourn"]
[EventRounds "9"]
[EventCountry "DEN"]
[EventCategory "10"]
[SourceTitle "CBM 060"]
[Source "ChessBase"]
[SourceDate "1997.09.29"]
[SourceVersion "1"]
[SourceVersionDate "1997.09.29"]
[SourceQuality "1"]

1. e4 {Nor Gershon} c5 2. Nf3 d6 3. d4 cxd4 4. Nxd4 Nf6 5. Nc3 a6 6. Be2 e5 7.
Nb3 Be7 8. O-O O-O 9. Kh1 Qc7 (9... b5 $5 {Nor} 10. Nd5 Nxd5 11. Qxd5 Ra7 12.
Be3 Be6 13. Qd1 Rb7 $5 14. Rc1 $5 Nc6 15. c4 Na5 $1 $132 16. Nxa5 Qxa5 17. cxb5
axb5 18. a3 Qa8 $1 19. Bd3 Rd8 20. f3 h6 $1 $13 {Short,-Kasparov, Novgorod 1994
}) 10. f4 b5 11. fxe5 (11. Bf3 $6 {Nor} Nbd7 12. a3 Bb7 13. f5 Rac8 14. g4 d5
$5 15. exd5 e4 $1 $17 {Zarnicki-Sadler (Buenos Aires 1995)}) (11. a4 $5 {
Nor 1-0 GM Lutz-GM Shirov/F-West Open, 1996 (16)}) 11... dxe5 12. Bg5 Nbd7 13.
Bd3 h6 (13... Bb7 {Nor} 14. Qf3 h6 (14... Nc5 $6 $146 15. Nxc5 Qxc5 16. Ne2 $14
{1/2-1/2 Kharlov,A-Saldano,H/Anibal op 1997 cbm59}) 15. Bd2 $1 Nb6 $1 16. Qg3
Kh8 $6 17. Rf5 $1 $36 {1-0 Shirov,A-Gelfand,B/Dos Hermanas sp 1996}) 14. Bh4
Bb7 {[#]} 15. a3 $6 {Nor: Sutovsky against Lutz played here 15.Qe1 and got an
interesting position. Hansen,maybe,was afraid of 15...Bb4,so he is ready to
play the same position without a tempi,but I can't say he would stand so well
after 15...Nb6! The question: how to get an advantage after 13...h6 is still
waiting for the answer!} ({Alternativen sind: I)} 15. Qe2 g6 16. a4 b4 17. Nd1
Kg7 18. Ne3 {,Stefansson-Akesson,Torshavn 1997,18. ...} Nc5 $5 19. Nxc5 Qxc5
20. Nc4 Nd7 {mit etwa gleichen Chancen,Gutman;}) ({II)} 15. Qe1 g6 $5 (15...
Rae8 16. a4 b4 {,Sutovsky-Lutz,Biel 1996,} 17. Nd1 (17. Na2 $5 {Nor} a5 18. c3
bxc3 19. Nxc3 Bb4 20. Qe2 $6 Bxc3 21. Rac1 Qb6 22. Rxc3 Rc8 23. Rxc8 Rxc8 24.
Bb5 Bxe4 $15 {0-1 Sutovskij,E-Lutz,C/Credis, Biel SUI 1996}) 17... g6 18. Ne3
Kg7 19. Rd1 {,und"angesichts der Schwächen am Damenflügel und der halboffene
F-Linie hat Schwarz noch nicht ganz ausgeglichen",C.Lutz}) 16. a4 b4 17. Nd1 (
17. Na2 a5 18. c3 Kg7 19. cxb4 $6 axb4 20. Nxb4 Qd6) 17... Kg7 18. Ne3 a5 {
mit ausreichende Gegenspiel,Gutman.}) 15... g6 {Nor: Makes weaknesses on a
weak flank!} (15... Nb6 $142 $5 {Nor: That was the idea.} 16. Bxf6 $5 (16. Qe1
$140 Nh7 $5) 16... Bxf6 17. Rxf6 $5 (17. Qg4 Be7 {Nor: And black is not worse.}
) (17. Nd5 $6 Bxd5 $1 (17... Nxd5 18. exd5 Bxd5 19. Rxf6 gxf6 20. Qg4+ Kh8 21.
Qf5 e4 22. Qxf6+ Kg8 23. Qxh6 $13) 18. exd5 (18. Rxf6 $2 Bxb3 19. Rxb6 Bxc2 20.
Bxc2 Qxb6 $19) 18... Nxd5 $17) 17... gxf6 18. Qg4+ Kh8 19. Qh4 Kg7 20. Qg4+ Kh7
21. Qf5+ $11) 16. Qe1 Kg7 17. a4 b4 18. Na2 a5 19. c3 {Im Vergleich zur
Abspiel mit 15.Qe1,Schwarz hat einfach einem Mehrtempo ... 19. ...} Ba6 (19...
Qd6 $5 {mit guten Spiel für Schwarz.}) (19... bxc3 {Nor} 20. Nxc3 Qb6 21. Bb5
$14) 20. Bxa6 Rxa6 21. Qe2 (21. cxb4 $6 {Nor} axb4 22. Nxb4 $140 Rb6 23. Qc3
Qb7 24. Bxf6+ Nxf6 25. Rxf6 $8 Rxb4 $5 26. Na5 Qxe4 $15) 21... Rc6 (21... Re6
$5 22. cxb4 axb4 23. Rac1 Qb7) 22. Rad1 $6 (22. cxb4 $5 axb4 23. Rac1 {war zu
bevorzugen}) (22. Rac1 $5 {Nor}) 22... Rb8 23. cxb4 axb4 24. Nac1 (24. Rc1 $5 {
Nor}) 24... Nb6 25. Nd3 {Weiß ist bereit einen Bauern zu opfern, um die
Figuren auf bessere Positionen zu bringen, aber die schwarze Figuren stehen
bereits nicht schlecht.} Nc4 $2 ({nichts sprach gegen} 25... Nxa4 {, und Weiß
hat keine ausreichende Kompensation.}) (25... Nxa4 $142 $5 {Nor} 26. Qf3 $1 $36
(26. Nxe5 $2 Qxe5 27. Bg3 Qxb2 28. Qxb2 Nxb2 29. Bxb8 Nxd1 30. Rxd1 Nxe4 $19) (
26. Rf2 Ne8 27. Rdf1 $140 f6) (26. Bg3 Bd6 (26... Nd7 $6 27. Nd4 $1 $36) 27.
Nd4 $140 $2 exd4 28. e5 Nh5 $1 29. exd6 Nxg3+ 30. hxg3 Qxd6 $19)) 26. Rf3 Nh5
27. Bxe7 Qxe7 28. Rdf1 {mit weißen Vorteil.} f6 29. g3 Rd8 30. Rc1 Rdc8 31.
Rff1 Kh7 32. Qe1 Rb8 33. Rf2 {Nor: White plays very impressively!} Qd6 34. Ndc5
Nb6 (34... Rxc5 35. Nxc5 Qxc5 36. b3 $18 (36. b3 {Nor} Qe3 37. bxc4 Qxe1+ 38.
Rxe1 $18)) 35. Rd2 Qf8 36. a5 Na8 37. Rd7+ (37. Nd7 $1 {Nor: Of course!} Qc8 (
37... Rxc1 38. Nxf8+) 38. Rxc6 Qxc6 39. Nxb8 $18) 37... Kh8 (37... Ng7 $142 {
Nor}) 38. Nb7 Rxc1 39. Qxc1 Rc8 40. Qd2 g5 41. Nd6 1-0

[Event "Tan Chin Nam Cup 3rd "]
[Site "Beijing"]
[Date "1997.08.17"]
[Round "8"]
[White "Ye, Jiangchuan"]
[Black "Zhu, Chen"]
[Result "1-0"]
[WhiteElo "2530"]
[BlackElo "2515"]
[Annotator "Gutman,L"]
[PlyCount "77"]
[EventDate "1997.08.11"]
[EventType "tourn"]
[EventRounds "11"]
[EventCountry "CHN"]
[EventCategory "12"]
[SourceTitle "CBM 061"]
[Source "ChessBase"]
[SourceDate "1997.11.23"]
[SourceVersion "1"]
[SourceVersionDate "1997.11.23"]
[SourceQuality "1"]

1. e4 c5 2. Nf3 d6 3. d4 cxd4 4. Nxd4 Nf6 5. Nc3 a6 6. Be2 g6 7. g4 $5 {[#]}
Bg7 ({Mit} 7... h6 $5 {Schwarz schwächt ihren Königsflügel,aber überlässt Weiß
nicht so viel"lebensvichtiger Raum".} 8. h4 {und nun:} Bg7 $5 {,W.Anand,
scheint die kritische Fortsetzung zu sein.} (8... b5 9. Bf3 e5 10. Nb3 Be6 11.
a4 $1 b4 12. Nd5 Bxd5 13. exd5 {mit besseren Aussichten für Weiß,Anand-Short,
Amsterdam 1996}) (8... e5 9. Nb3 Be6 10. f4 $5 ({W.Anand gibt} 10. Rg1 Nc6 11.
g5 hxg5 12. hxg5 Nd7 13. Be3 {an,was überzeugt weniger}) 10... exf4 11. Nd4 Qa5
12. Nxe6 fxe6 13. Bxf4 Nc6 14. Qd2 Ne5 15. O-O-O O-O-O 16. g5 hxg5 17. hxg5
Rxh1 18. Rxh1 Nfd7 19. Rh7 {mit weißen Druckspiel,Zeschkovski-Kir.Georgiev,
Niksic 1997.})) 8. g5 Nfd7 9. h4 $5 (9. Be3 {ist eine andere Alternative. Und
nun:} Nc6 $5 (9... b5 10. a4 $5 (10. Qd2 Bb7 11. h4 Nb6 12. a3 N8d7 13. h5 Rg8
14. hxg6 {brachte Weiß nicht ein,Svidler-Xu Jun,Yerevan Olimpiade 1996}) 10...
b4 11. Nd5 Bb7 12. a5 $5 e6 13. Nxb4 Bxe4 14. Bf3 {mit besseren Aussichten für
Weiß}) 10. Qd2 (10. h4 $5 {mit Übergang zu Partie}) 10... Na5 $5 (10... Nb6 11.
Nd5 $5 Nxd5 12. exd5 Nxd4 13. Bxd4 Bxd4 14. Qxd4 O-O 15. h4 {versprach Weiß
besseren Spiel,Horvat-Barczay,Ungarn 1978}) 11. f4 (11. O-O-O Ne5) 11... Nb6
12. b3 Bd7 13. O-O-O (13. Nd5 Nxd5 14. exd5 e5 15. fxe5 dxe5 16. Nf3 b5) 13...
Rc8 {mit ausreichende Gegenspiel.}) 9... Nc6 10. Be3 Na5 ({Wenig Erfolg
Schwarz hatte mit: I)} 10... h5 11. gxh6 Bxh6 12. Nxc6 bxc6 13. Qd4 {
,Robatsch-Szabo,Amsterdam 1972;}) ({II)} 10... Qa5 11. a3 Nc5 12. b4 Qd8 13.
Qd2 Ne6 14. Nf3 Bd7 15. Rd1 b5 16. Nd5 {mit weißen Vorteil,Hansen-Stangl,
Lippstadt 1997.}) 11. h5 $1 Rg8 12. hxg6 hxg6 13. Qd2 Nb6 14. b3 Bd7 15. O-O-O
Qc7 16. Rh7 {Weiß hat ihre Eröffnunsstrategie am Königsflügel durchgesetzt.
NunSchwarz muß Gegenspiel amDamenflügel und in Zentrum behaupten ...} Nc6 17.
Nxc6 Qxc6 18. Bd4 Bxd4 19. Qxd4 Be6 20. Kb2 Rc8 (20... O-O-O $2 21. Nd5) 21. f4
Qc5 22. Qd2 $1 {mit weißen Vorteil.} Bd7 23. a3 a5 24. Rf1 a4 $6 (24... Rf8 {
war zu bevorzugen,schwarze Dame auf c5 hatte "lebensvichtige Funktionen".}) 25.
b4 Nc4+ 26. Bxc4 Qxc4 27. Rf3 Bg4 28. Rd3 Be6 29. Qf2 Bd7 30. Qa7 b5 31. Qf2
Rf8 32. f5 gxf5 33. exf5 Qg4 34. f6 e5 (34... Qxg5 35. fxe7 Kxe7 36. Nd5+ {
war nicht besser.}) 35. Qb6 Qe6 36. Rxd6 Qc4 37. Qe3 Kd8 38. Qxe5 Re8 39. Qxe8+
$1 1-0